000 00555nam a22001817a 4500
003 SISC
005 20240816134001.0
008 130828t xxu||||| |||| 00| 0 eng d
020 _a0746007019
050 _aJ 909.82
_b.H793 1993
082 _aHS 909.82
_bH77 1993
100 _aHopkinson, Christina.
_914444
245 _aThe Usborne history of the twentieth century /
_c Christina Hopkinson
260 _aLondon, England :
_bUsborne Publishing Ltd,
_cc1993.
300 _a96 p. :
_bill. ; (col.) ;
_c26 cm.
942 _2lcc
_cBK
999 _c9636
_d9636